| 000 | 01365nam a2200277Ia 4500 | ||
|---|---|---|---|
| 003 | OSt | ||
| 005 | 20221005104931.0 | ||
| 006 | a|||||r|||| 00| 0 | ||
| 007 | ta | ||
| 008 | 221004b |||||||| |||| 00| 0 hin d | ||
| 020 |
_a8185999244 (hbk) _c895 |
||
| 024 | _a99813 | ||
| 037 |
_b365, 04/03/2010, Swaraj Prakashan _cTextual |
||
| 040 |
_aCRL _cCRL _bhin |
||
| 041 |
_2hin _ahin |
||
| 082 | _aO152,6M83x, P7 | ||
| 100 | _aशुक्ल, रामचंद्र | ||
| 245 | 0 |
_aआचार्य रामचंद्र शुक्ल की विचार वीथी _b आचार्य शुक्ल के कुछ लेख, यादें, कुछ विचार, कुछ अनुवाद |
|
| 246 | _aĀchārya rāmachandra shukla kī vichār vīthī: āchārya shukla ke kuchh lekha, yādean, kuchh vichāra, kuchh anuvāda | ||
| 260 |
_aदिल्ली _bस्वराज प्रकाशन भारत _c2007 |
||
| 300 |
_a496पृ0 _ccm. |
||
| 650 | _aहिन्दी साहित्य | ||
| 700 | _a शर्मा, विष्णुचंद्र, संपा. | ||
| 942 |
_hO152,6M83x, P7 _cTEXL _2cc |
||
| 999 |
_c1014243 _d1014243 |
||